[Event "Goiania STD op"]
[Site "Goiania"]
[Date "2018.03.10"]
[Round "3"]
[White "De Paula, Guilherme Bueno"]
[Black "Franca, Jairo"]
[Result "1-0"]
[WhiteElo "1856"]
[BlackElo "1596"]
[PlyCount "165"]
[EventDate "2018.03.09"]
[EventType "swiss"]
[EventRounds "6"]
[EventCountry "BRA"]
[SourceTitle "CBM 183 Extra"]
[Source "ChessBase"]
[SourceDate "2018.04.19"]
[SourceVersion "1"]
[SourceVersionDate "2018.04.19"]
[SourceQuality "1"]

1. g4 g6 2. Bg2 Bg7 3. c4 e5 4. Nc3 Ne7 5. d3 0-0 6. h4 f5 7. g5 f4 8. e4 Nbc6 9. Nf3 d6 10. Nh2 Nd4 11. Bf3 Be6 12. Ne2 Nxf3+ 13. Nxf3 Bg4 14. Nh2 Bh5 15. f3 c6 16. Nc3 Qb6 17. Ke2 a6 18. Qg1 Qxg1 19. Rxg1 b5 20. b3 b4 21. Na4 Nc8 22. a3 a5 23. axb4 axb4 24. Bd2 c5 25. Rgb1 Rf7 26. Bc1 Rfa7 27. Bb2 Kf7 28. Nf1 Ke7 29. Nd2 Kd7 30. Ra2 Kc7 31. Raa1 Ne7 32. Ra2 Nc6 33. Rba1 h6 34. Rg1 Nd4+ 35. Bxd4 cxd4 36. Nf1 Kc6 37. Nh2 Rf7 38. Kd1 Ra6 39. Kc1 Rfa7 40. Rag2 Rf7 41. Kb2 Ra8 42. Ng4 hxg5 43. hxg5 Rh8 44. Rh2 Bf8 45. Nf6 Be7 46. Nxh5 gxh5 47. g6 Rg7 48. Kc2 h4 49. Kd2 Rhg8 50. Rhg2 Rh8 51. Ke2 Bd8 52. Kf1 Rh6 53. Nb2 Kd7 54. Nd1 Ke6 55. Nf2 Be7 56. Nh3 Kf6 57. Rg4 Rhxg6 58. Rxh4 Rxg1+ 59. Nxg1 Kg6 60. Rh2 Rh7 61. Ra2 Kf6 62. Kg2 Ke6 63. Ra4 Bh4 64. Ne2 Rg7+ 65. Kh2 Be1 66. Ra1 Bc3 67. Rg1 Rxg1 68. Nxg1 Be1 69. Kh3 Kf6 70. Kg4 Kg6 71. Nh3 Bg3 72. Ng5 Kf6 73. Kh5 Ke7 74. Kg6 Bh4 75. Nf7 Ke6 76. Nh6 Bd8 77. Nf5 Bc7 78. Kg7 Bd8 79. Kf8 Kd7 80. Kf7 Bg5 81. Ng7 Bh6 82. Ne6 d5 83. cxd5 1-0

[Event "Brasilia Terraviva op"]
[Site "Brasilia"]
[Date "2017.01.06"]
[Round "2"]
[White "De Paula, Guilherme Bueno"]
[Black "Miguel, Gabriel Carvalho Mo"]
[Result "0-1"]
[WhiteElo "1880"]
[BlackElo "2164"]
[PlyCount "52"]
[EventDate "2017.01.06"]
[EventType "swiss"]
[EventRounds "6"]
[EventCountry "BRA"]
[SourceTitle "CBM 176 Extra"]
[Source "ChessBase"]
[SourceDate "2017.03.02"]
[SourceVersion "1"]
[SourceVersionDate "2017.03.02"]
[SourceQuality "1"]

1. g3 Nf6 2. Bg2 d5 3. f4 g6 4. Nf3 Bg7 5. d3 0-0 6. 0-0 c6 7. c3 Qb6+ 8. e3 Nbd7 9. Kh1 Re8 10. d4 Ne4 11. Nbd2 Ndf6 12. Ne5 Nxd2 13. Qxd2 Bf5 14. Qe1 h5 15. h3 Qd8 16. b3 Qc8 17. Kh2 Ne4 18. Bb2 Bxe5 19. dxe5 b5 20. Qe2 Qe6 21. Rfc1 Rad8 22. Ba3 f6 23. exf6 exf6 24. Bxe4 dxe4 25. c4 Bxh3 26. cxb5 Bg4 0-1

[Event "Goiania-ch"]
[Site "Goiania"]
[Date "2016.12.04"]
[Round "9"]
[White "De Paiva Filho, Luiz Americo"]
[Black "De Paula, Guilherme Bueno"]
[Result "0-1"]
[WhiteElo "1971"]
[BlackElo "1880"]
[PlyCount "88"]
[EventDate "2016.11.26"]
[EventType "tourn"]
[EventRounds "9"]
[EventCountry "BRA"]
[SourceTitle "EXT 2018"]
[Source "ChessBase"]
[SourceDate "2017.10.13"]
[SourceVersion "1"]
[SourceVersionDate "2017.10.13"]
[SourceQuality "1"]

1. e4 e6 2. Nc3 d5 3. d4 Nc6 4. Nf3 Nf6 5. e5 Ne4 6. Bb5 Bb4 7. Qd3 0-0 8. Bxc6 bxc6 9. 0-0 Nxc3 10. bxc3 Be7 11. Bf4 a5 12. Rfe1 Ba6 13. Qd2 Rb8 14. Rab1 Rb6 15. Rxb6 cxb6 16. Rb1 Bc4 17. a4 b5 18. Ra1 bxa4 19. Rxa4 Bb5 20. Ra2 a4 21. Qc1 a3 22. Nd2 Qa5 23. Qa1 Ra8 24. Nb3 Qa7 25. Bc1 Bc4 26. g3 Qa4 27. Qb1 Rb8 28. Kg2 Bxb3 29. cxb3 Qxb3 30. Qa1 Ra8 31. Kf1 Qd1+ 32. Kg2 h5 33. Qb1 Qa4 34. Kf3 g5 35. h3 Kg7 36. Ke2 g4 37. h4 Qc4+ 38. Kd2 Qf1 39. Ke3 Qe1+ 40. Kf4 Qxc3 41. Be3 Ra4 42. Qd1 Rc4 43. f3 c5 44. Rd2 a2 0-1

[Event "Goiania-ch"]
[Site "Goiania"]
[Date "2016.11.27"]
[Round "4"]
[White "Diamant, Andre"]
[Black "De Paula, Guilherme Bueno"]
[Result "1-0"]
[WhiteElo "2511"]
[BlackElo "1880"]
[PlyCount "38"]
[EventDate "2016.11.26"]
[EventType "tourn"]
[EventRounds "9"]
[EventCountry "BRA"]
[SourceTitle "EXT 2018"]
[Source "ChessBase"]
[SourceDate "2017.10.13"]
[SourceVersion "1"]
[SourceVersionDate "2017.10.13"]
[SourceQuality "1"]

1. b4 e5 2. Bb2 Bxb4 3. Bxe5 Nf6 4. Nf3 0-0 5. e3 Nc6 6. Bb2 d5 7. Be2 Bg4 8. 0-0 Re8 9. c4 d4 10. Nxd4 Nxd4 11. Bxg4 Nxg4 12. Qxg4 Ne6 13. d4 Bf8 14. Nd2 Nc5 15. Rad1 Na4 16. Ba1 b5 17. d5 b4 18. Ne4 Kh8 19. Ng5 Re7 1-0

[Event "Goiania Goias Cup"]
[Site "Goiania"]
[Date "2016.10.16"]
[Round "6"]
[White "Campos, Otavio Moraes"]
[Black "De Paula, Guilherme Bueno"]
[Result "0-1"]
[WhiteElo "1702"]
[BlackElo "1857"]
[PlyCount "112"]
[EventDate "2016.10.14"]
[EventType "swiss"]
[EventRounds "6"]
[EventCountry "BRA"]
[SourceTitle "CBM 175 Extra"]
[Source "ChessBase"]
[SourceDate "2016.12.12"]
[SourceVersion "1"]
[SourceVersionDate "2016.12.12"]
[SourceQuality "1"]

1. d4 f5 2. Nf3 Nf6 3. c4 g6 4. g3 Bg7 5. Bg2 0-0 6. Nc3 d6 7. 0-0 Qe8 8. d5 a5 9. Nb5 Na6 10. Ng5 h6 11. Ne6 Bxe6 12. dxe6 c6 13. Nd4 Nc5 14. Be3 Qc8 15. Qc2 Nxe6 16. Qb3 Nc5 17. Qc2 Ng4 18. Qd2 Nxe3 19. Qxe3 e5 20. Nf3 Qe6 21. b3 g5 22. Rad1 f4 23. Qd2 e4 24. Nd4 Qe5 25. Nc2 Rfd8 26. Bh3 e3 27. Qe1 Qb2 28. Bf5 Bc3 29. Rb1 Bxe1 30. Rxb2 Bxf2+ 31. Kg2 Rf8 32. Nd4 Rae8 33. g4 Re5 34. Rd1 Rf6 35. a3 d5 36. b4 axb4 37. axb4 Na4 38. Ra2 Nc3 39. Ra8+ Rf8 40. Rxf8+ Kxf8 41. Rd3 Be1 42. Nf3 Rxf5 43. gxf5 dxc4 44. Rd6 Bd2 45. Nxd2 exd2 46. Rxd2 Nd5 47. b5 Ne3+ 48. Kf3 cxb5 49. f6 c3 50. Rd8+ Kf7 51. Rd7+ Kxf6 52. Rxb7 c2 53. Rb6+ Ke7 54. Rc6 b4 55. Kf2 b3 56. Ke1 b2 0-1

[Event "Goiania Goias Cup"]
[Site "Goiania"]
[Date "2016.10.16"]
[Round "5"]
[White "De Paula, Guilherme Bueno"]
[Black "Rosa, Paulo Estevao"]
[Result "1-0"]
[WhiteElo "1857"]
[BlackElo "1912"]
[PlyCount "189"]
[EventDate "2016.10.14"]
[EventType "swiss"]
[EventRounds "6"]
[EventCountry "BRA"]
[SourceTitle "CBM 175 Extra"]
[Source "ChessBase"]
[SourceDate "2016.12.12"]
[SourceVersion "1"]
[SourceVersionDate "2016.12.12"]
[SourceQuality "1"]

1. e4 c6 2. d4 d5 3. f3 e6 4. Nc3 Bb4 5. Nge2 dxe4 6. fxe4 Qh4+ 7. Ng3 Nf6 8. Qf3 Nbd7 9. Qf4 Qxf4 10. Bxf4 c5 11. Bd6 h5 12. h4 Ng4 13. a3 cxd4 14. Bxb4 dxc3 15. Bxc3 f6 16. Be2 Nc5 17. Bd4 b6 18. e5 f5 19. b4 Nd7 20. Bf3 Rb8 21. 0-0-0 Ndxe5 22. Bxe5 Nxe5 23. Bxh5+ g6 24. Rhe1 gxh5 25. Rxe5 Kf7 26. Rde1 Rb7 27. Ne2 Rc7 28. Nd4 Rh6 29. Nf3 Rc6 30. Ng5+ Kf6 31. Kb2 Rh8 32. c4 Rxc4 33. g3 Rc6 34. b5 Rd6 35. R5e3 Rhd8 36. Kc3 Bd7 37. a4 Rc8+ 38. Kb3 Rc5 39. Nf3 Rdd5 40. Ng5 e5 41. Rf3 Kg6 42. Rfe3 e4 43. Nh3 Rd6 44. Nf4+ Kh6 45. Rc3 Rxc3+ 46. Kxc3 Be6 47. Ra1 Bf7 48. a5 Be8 49. axb6 axb6 50. Kc4 Bf7+ 51. Kc3 Kg7 52. Ra8 Kf6 53. Rh8 Kg7 54. Rc8 Kf6 55. Rh8 Ke5 56. Rf8 Rd7 57. Rb8 Rd6 58. Rf8 Be6 59. Rh8 Bd7 60. Rxh5 Bxb5 61. Rh8 e3 62. Rh7 e2 63. Re7+ Kf6 64. Re3 Rd7 65. Nxe2 Re7 66. Rxe7 Kxe7 67. Nf4 Bc6 68. Kd4 Kf6 69. Nd5+ Ke6 70. Nxb6 Bf3 71. Ke3 Bc6 72. Kf4 Bb5 73. h5 Be8 74. Kg5 Bxh5 75. Kxh5 Ke5 76. Kg5 Ke4 77. Nd5 Kf3 78. Kh4 Ke4 79. Nf4 Kf3 80. Kh3 Kf2 81. Nh5 Ke3 82. Kg2 Ke4 83. Kf2 Kd5 84. Kf3 Ke5 85. Ke3 Kd5 86. Kf4 Ke6 87. Ng7+ Kf6 88. Nxf5 Kg6 89. Ne3 Kf6 90. g4 Kg6 91. Nd5 Kg7 92. Kg5 Kh8 93. Kf6 Kg8 94. g5 Kh8 95. g6 1-0

[Event "Goiania-ch Etapa 03"]
[Site "Goiania"]
[Date "2016.08.28"]
[Round "5.1"]
[White "Garcia, Gabriel Gonzaga"]
[Black "De Paula, Guilherme Bueno"]
[Result "0-1"]
[WhiteElo "2184"]
[BlackElo "1847"]
[PlyCount "56"]
[EventDate "2016.08.26"]
[EventType "swiss"]
[EventRounds "6"]
[EventCountry "BRA"]
[SourceTitle "EXT 2022"]
[Source "ChessBase"]
[SourceDate "2021.10.06"]
[SourceVersion "1"]
[SourceVersionDate "2021.10.06"]
[SourceQuality "1"]

1. e4 Nf6 2. Nc3 e5 3. Bc4 Nc6 4. d3 Bc5 5. Nf3 d6 6. a3 Be6 7. Nd5 Bxd5 8. exd5 Ne7 9. Bb5+ Kf8 10. c4 Nf5 11. Ba4 h6 12. b4 Bb6 13. Bb2 Nd4 14. Nxd4 Bxd4 15. Bxd4 exd4 16. 0-0 a6 17. Qf3 g5 18. Rfe1 Kg7 19. Re2 h5 20. Rae1 b5 21. cxb5 axb5 22. Bxb5 Rxa3 23. h3 Rh6 24. Re8 Nxe8 25. Rxe8 Ra1+ 26. Kh2 Qf6 27. Qg3 h4 28. Qg4 Qxf2 0-1

[Event "Sao Paulo op-B U2050 4th"]
[Site "Sao Paulo"]
[Date "2016.03.25"]
[Round "3"]
[White "De Paula, Guilherme Bueno"]
[Black "Heinrichs, Vivian"]
[Result "1/2-1/2"]
[WhiteElo "1898"]
[BlackElo "1971"]
[PlyCount "92"]
[EventDate "2016.03.24"]
[EventType "swiss"]
[EventRounds "7"]
[EventCountry "BRA"]
[SourceTitle "CBM 171 Extra"]
[Source "ChessBase"]
[SourceDate "2016.04.26"]
[SourceVersion "1"]
[SourceVersionDate "2016.04.26"]
[SourceQuality "1"]

1. g3 d5 2. f4 Nf6 3. Nf3 g6 4. Bg2 Bg7 5. d3 0-0 6. 0-0 c5 7. Qe1 Nc6 8. c3 b6 9. e4 Ba6 10. e5 Ne8 11. Qe2 Nc7 12. Na3 f6 13. exf6 exf6 14. Rd1 Qd7 15. Be3 d4 16. cxd4 cxd4 17. Bf2 Rae8 18. Qd2 f5 19. Rac1 Nd5 20. Nc4 Bb7 21. Re1 Ndb4 22. a3 Na6 23. b4 b5 24. Nce5 Nxe5 25. fxe5 Nb8 26. e6 Rxe6 27. Rxe6 Qxe6 28. Nxd4 Qd7 29. Qa2+ Kh8 30. Ne6 Bxg2 31. Kxg2 Rc8 32. Rxc8+ Qxc8 33. Nxg7 Kxg7 34. Bd4+ Kf8 35. Bc5+ Kg7 36. Qd5 Qc6 37. Qxc6 Nxc6 38. d4 a6 39. d5 Nb8 40. Kf3 Kf6 41. Bd6 Nd7 42. Ke3 g5 43. Kd4 h6 44. Bc7 Kf7 45. Be5 h5 46. h3 Ke7 1/2-1/2

[Event "Goiania-ch"]
[Site "Goiania"]
[Date "2016.02.21"]
[Round "5"]
[White "De Paiva Filho, Luiz Americo"]
[Black "De Paula, Guilherme Bueno"]
[Result "1-0"]
[WhiteElo "1800"]
[BlackElo "1893"]
[PlyCount "59"]
[EventDate "2016.02.19"]
[EventType "swiss"]
[EventRounds "6"]
[EventCountry "BRA"]
[SourceTitle "CBM 171 Extra"]
[Source "ChessBase"]
[SourceDate "2016.04.26"]
[SourceVersion "1"]
[SourceVersionDate "2016.04.26"]
[SourceQuality "1"]

1. e4 d5 2. exd5 Nf6 3. Nf3 Nxd5 4. d4 g6 5. c4 Nb6 6. Nc3 Bg7 7. c5 Nd5 8. Bc4 Nxc3 9. bxc3 0-0 10. 0-0 Nc6 11. Bf4 Bg4 12. h3 Bxf3 13. Qxf3 e5 14. Bh2 exd4 15. Rad1 Qf6 16. Qxf6 Bxf6 17. cxd4 Nxd4 18. Bxc7 Rfc8 19. Bd6 Ne6 20. Rc1 Bd4 21. Rfd1 Bb2 22. Rb1 Ba3 23. Bxe6 fxe6 24. Rxb7 Bxc5 25. Be5 Rd8 26. Rg7+ Kf8 27. Rxd8+ Rxd8 28. Rxh7 Rd2 29. a3 Rxf2 30. Bd6+ 1-0

[Event "Goiania Goias Cup"]
[Site "Goiania"]
[Date "2015.09.27"]
[Round "5"]
[White "De Paula, Guilherme Bueno"]
[Black "Rocha, Arthur Ferreira"]
[Result "0-1"]
[WhiteElo "1887"]
[BlackElo "1937"]
[PlyCount "56"]
[EventDate "2015.09.25"]
[EventType "swiss"]
[EventRounds "6"]
[EventCountry "BRA"]
[SourceTitle "EXT 2016"]
[Source "ChessBase"]
[SourceDate "2015.10.08"]
[SourceVersion "1"]
[SourceVersionDate "2015.10.08"]
[SourceQuality "1"]

1. d4 Nf6 2. c4 c5 3. Nf3 cxd4 4. Nxd4 g6 5. Nc3 Bg7 6. e4 d6 7. Be2 Nc6 8. Be3 Ne5 9. h3 a6 10. 0-0 Bd7 11. Rc1 Rc8 12. b3 Bc6 13. f4 Ned7 14. Bf3 Qa5 15. g4 h6 16. Qd2 Qd8 17. Kg2 e5 18. Nxc6 Rxc6 19. f5 g5 20. Rh1 Rg8 21. Kg3 Nh7 22. h4 Bf6 23. hxg5 Bxg5 24. Bxg5 Nxg5 25. Rxh6 Nf6 26. Rch1 Kd7 27. R1h4 b5 28. cxb5 Rxc3 0-1

[Event "Anapolis STD op"]
[Site "Anapolis"]
[Date "2015.08.16"]
[Round "6"]
[White "Montufar Berrios, Lesly Viviane"]
[Black "De Paula, Guilherme Bueno"]
[Result "1-0"]
[WhiteElo "1861"]
[BlackElo "1909"]
[PlyCount "37"]
[EventDate "2015.08.14"]
[EventType "swiss"]
[EventRounds "6"]
[EventCountry "BRA"]
[SourceTitle "EXT 2016"]
[Source "ChessBase"]
[SourceDate "2015.10.08"]
[SourceVersion "1"]
[SourceVersionDate "2015.10.08"]
[SourceQuality "1"]

1. e4 d5 2. exd5 Nf6 3. Bb5+ Bd7 4. Be2 Nxd5 5. d4 e6 6. Nf3 c5 7. c4 Nf6 8. Be3 cxd4 9. Bxd4 Nc6 10. Bc3 Ne4 11. 0-0 Nxc3 12. Nxc3 Be7 13. a3 0-0 14. b4 Bf6 15. Qb3 Bxc3 16. Qxc3 a6 17. Rfd1 Qc7 18. Ng5 e5 19. Qd3 1-0

[Event "Anapolis STD op"]
[Site "Anapolis"]
[Date "2015.08.15"]
[Round "4"]
[White "Bocca, Edson Ricardo"]
[Black "De Paula, Guilherme Bueno"]
[Result "0-1"]
[WhiteElo "1591"]
[BlackElo "1909"]
[PlyCount "94"]
[EventDate "2015.08.14"]
[EventType "swiss"]
[EventRounds "6"]
[EventCountry "BRA"]
[SourceTitle "EXT 2016"]
[Source "ChessBase"]
[SourceDate "2015.10.08"]
[SourceVersion "1"]
[SourceVersionDate "2015.10.08"]
[SourceQuality "1"]

1. e4 d5 2. exd5 Nf6 3. Be2 Nxd5 4. Nc3 Nxc3 5. dxc3 Qxd1+ 6. Bxd1 Bf5 7. Nf3 Nc6 8. Nh4 Be4 9. 0-0 h6 10. Re1 Bh7 11. Be3 g5 12. Nf3 Bg7 13. Rc1 0-0-0 14. Be2 a6 15. Bc4 Bg6 16. Bb3 e5 17. Red1 Rhe8 18. Rd2 Rxd2 19. Nxd2 Rd8 20. Kf1 f5 21. Ke1 f4 22. Bc5 b6 23. Ba3 e4 24. Nf1 Bh5 25. h3 Na5 26. Nh2 Nxb3 27. cxb3 e3 28. f3 Rd2 29. Kf1 Bg6 30. Kg1 e2 31. Re1 h5 32. Kf2 Bd3 33. Be7 Bh6 34. Ba3 Kd7 35. g4 fxg3+ 36. Kxg3 c5 37. f4 gxf4+ 38. Kf2 Ke6 39. Nf3 Rd1 40. h4 Kf5 41. b4 c4 42. Nd4+ Kg4 43. b5 axb5 44. Be7 Rxe1 45. Kxe1 f3 46. Kf2 Be3+ 47. Ke1 f2# 0-1

[Event "Goiania Goias-ch"]
[Site "Goiania"]
[Date "2015.03.01"]
[Round "6"]
[White "Rocha, Wesley Rodrigues"]
[Black "De Paula, Guilherme Bueno"]
[Result "0-1"]
[WhiteElo "1783"]
[BlackElo "1909"]
[PlyCount "98"]
[EventDate "2015.02.27"]
[EventType "swiss"]
[EventRounds "6"]
[EventCountry "BRA"]
[SourceTitle "CBM 165 Extra"]
[Source "ChessBase"]
[SourceDate "2015.04.21"]
[SourceVersion "1"]
[SourceVersionDate "2015.04.21"]
[SourceQuality "1"]

1. d4 f5 2. g3 g6 3. f4 Bg7 4. Bg2 d6 5. Nf3 Nh6 6. 0-0 0-0 7. c3 Nf7 8. Qb3 Kh8 9. Ng5 Nxg5 10. Bxb7 Nh3+ 11. Kg2 Nxf4+ 12. gxf4 Bxb7+ 13. Qxb7 Nd7 14. Qf3 e5 15. dxe5 dxe5 16. Rd1 e4 17. Qe3 Qe7 18. b3 Rfd8 19. Ba3 Qf6 20. Bb2 Qb6 21. Kf2 Qxe3+ 22. Kxe3 Nb6 23. Rxd8+ Rxd8 24. Kf2 Nd5 25. Kg3 Kg8 26. Na3 Bxc3 27. Nc4 Bxb2 28. Nxb2 Nc3 29. e3 Rd2 30. Nc4 Rxa2 31. Re1 a5 32. Kh3 a4 33. bxa4 Rxa4 34. Nb2 Rb4 35. Rc1 Rxb2 36. Rxc3 Rb7 37. Kg3 Kf7 38. h4 Ke7 39. h5 Kd6 40. hxg6 hxg6 41. Kh4 c5 42. Kg5 Kd5 43. Kxg6 c4 44. Kxf5 Rb3 45. Rc1 Rxe3 46. Kg4 c3 47. f5 Rf3 48. Rc2 Kc4 49. Kg5 Kd3 0-1

[Event "Goiania Gomes Memorial"]
[Site "Goiania"]
[Date "2014.12.05"]
[Round "5"]
[White "De Paula, Guilherme Bueno"]
[Black "Wilhelms, Diego Lima"]
[Result "0-1"]
[WhiteElo "1909"]
[BlackElo "2094"]
[PlyCount "138"]
[EventDate "2014.11.29"]
[EventType "tourn"]
[EventRounds "9"]
[EventCountry "BRA"]
[SourceTitle "CBM 163 Extra"]
[Source "ChessBase"]
[SourceDate "2014.12.23"]
[SourceVersion "1"]
[SourceVersionDate "2014.12.23"]
[SourceQuality "1"]

1. g3 e5 2. Bg2 d5 3. d3 f5 4. Nf3 Nc6 5. 0-0 Nf6 6. c4 dxc4 7. Qa4 Bd6 8. Qxc4 Qe7 9. Nc3 a6 10. Bg5 h6 11. Nd5 Qf7 12. Nxf6+ gxf6 13. Qxf7+ Kxf7 14. Bd2 Be6 15. Bc3 Rag8 16. d4 e4 17. Nh4 Ne7 18. f3 exf3 19. Bxf3 c6 20. Bh5+ Kf8 21. e3 Rg5 22. Be2 Rhg8 23. Rf2 Bd5 24. Bf3 Bf7 25. Bg2 Ke8 26. Bd2 Be6 27. e4 fxe4 28. Rxf6 Kd7 29. Rxh6 Rd5 30. Be3 Rb5 31. Bxe4 Rxb2 32. Rb1 Ba3 33. Rxb2 Bxb2 34. Rf6 Rg4 35. Bf5 Nxf5 36. Nxf5 Bxa2 37. Rd6+ Kc7 38. Bf4 Bb1 39. Rf6+ Kb6 40. Be3 Bxf5 41. d5+ Bd4 42. Bxd4+ Rxd4 43. Rxf5 cxd5 44. h4 Kc5 45. h5 Rg4 46. Kf2 b5 47. h6 Rg8 48. Kf3 b4 49. h7 Rh8 50. Rf7 b3 51. Rb7 b2 52. Rxb2 Rxh7 53. g4 Rf7+ 54. Ke3 d4+ 55. Ke4 Re7+ 56. Kf5 d3 57. g5 Re2 58. Rb1 d2 59. Rd1 Kd4 60. g6 Kc3 61. Rg1 Rg2 62. Rxg2 d1Q 63. Rg5 Qd7+ 64. Kf6 Qd8+ 65. Kf5 Qf8+ 66. Ke6 Qg7 67. Rg4 a5 68. Kf5 a4 69. Rxa4 Qd7+ 0-1

[Event "Goiania Gomes Memorial"]
[Site "Goiania"]
[Date "2014.11.29"]
[Round "1"]
[White "Froes, Leonardo Sanches"]
[Black "De Paula, Guilherme Bueno"]
[Result "1-0"]
[WhiteElo "1961"]
[BlackElo "1909"]
[PlyCount "99"]
[EventDate "2014.11.29"]
[EventType "tourn"]
[EventRounds "9"]
[EventCountry "BRA"]
[SourceTitle "CBM 163 Extra"]
[Source "ChessBase"]
[SourceDate "2014.12.23"]
[SourceVersion "1"]
[SourceVersionDate "2014.12.23"]
[SourceQuality "1"]

1. d4 d6 2. c4 f5 3. Nc3 Nf6 4. Nf3 g6 5. g3 Bg7 6. Bg2 0-0 7. 0-0 Qe8 8. d5 a5 9. Qc2 Na6 10. a3 Bd7 11. b3 c6 12. Bb2 Rc8 13. Qd1 Ne4 14. Na4 Bxb2 15. Nxb2 c5 16. Nd2 Nc3 17. Qe1 Qf7 18. Nb1 Ne4 19. Qxa5 Qf6 20. Ra2 Ra8 21. Nd3 Nb4 22. axb4 Rxa5 23. bxa5 Ra8 24. Rc1 e6 25. dxe6 Bxe6 26. Nf4 g5 27. Bxe4 fxe4 28. Nxe6 Qxe6 29. Nc3 e3 30. f3 Qe5 31. Nd5 Qd4 32. Kg2 Kf7 33. Rc3 Re8 34. Rd3 Qg7 35. a6 bxa6 36. Rxa6 Qb2 37. Kf1 Qc1+ 38. Kg2 Qe1 39. Ra2 Qf2+ 40. Kh3 h5 41. Rd1 g4+ 42. fxg4 hxg4+ 43. Kxg4 Rg8+ 44. Kh3 Rh8+ 45. Kg4 Rg8+ 46. Kh3 Qf5+ 47. Kg2 Qe4+ 48. Kg1 Rb8 49. Ra7+ Kg6 50. Nf4+ 1-0